Регионална библиотека "Любен Каравелов" - Русе

Holderlin und das Deutsche Theater (Запис номер 343643)

MARC детайли
000 -Лидер
Контролно поле с фиксирана дължина 00969nam a2200265 c 4500
003 - Код на организацията, давaща контролен номер
Контролно поле BLK
005 - Дата и час на последна редакция
Контролно поле 20190930142559.0
008 - Елементи от данни с фиксирана дължина
fixed length control field 180911b bul|||||r ||||||| ||bul||
010 ## - Наследен системен номер
LC control number 003304
040 ## - Източник на каталожния запис
Идентификатор на билиотеката - собственик на записа BLK
041 ## - Код за език
Код за езика на текст/звукозапис или на отделно заглавие Немски
Код за езика КДБФ Български
080 ## - УДК
УДК - код + определител 792(430)
100 1# - Редна дума - Автор
Автор KINDERMANN, Heinz
Авторска отговорност първи автор
R(LIN) 15084
245 00 - Сведения за заглавието
Заглавие Holderlin und das Deutsche Theater
260 ## - Област на издателските данни
Място на издаване, разпространение и проч. Wien
Име на издателя, разпространителя и проч. Wilhelm Frick
Година на издаване 1943
300 ## - Физическа характеристика
Страници 50 с., 8 л. : ил
Размери/Мащаб 22 см
380 ## - Жанр
Жанр Изкуство
490 ## - СЕРИИ (Колекции)
Име на серия Частна колекция - Академик Михаил Арнаудов
Бележки за серията Дарение - Основен фонд
520 ## - Забележка за наличие на резюме, анотация и т.н
Анотация, рецензия, сканиран текст Михаил Арнаудов: негови-книгана други лица-лист-ръкопис
520 ## - Забележка за наличие на резюме, анотация и т.н
Анотация, рецензия, сканиран текст Подчертавания в текстаПечатна картичка с надпис "Auf Veranlassung des Autors".
655 ## - Ключова дума – жанр/разновидност
Данни за жанр/разновидност или ключова дума за фокус Изкуство
700 1# - Други автори (авторска отговорност)
Лично име Heinz Kinderman
9 (RLIN) 397260
852 ## - Местоположение
Форматна сигнатура МА 636
Фондова буква Фонд "Михаил Арнаудов"
999 ## - СИСТЕМНИ КОНТРОЛНИ НОМЕРА
Koha biblionumber 343643
Koha biblioitemnumber 343643
942 ## - АРТИКУЛИ
Вид на библиотечния материал Книги
Скрит в OPAC Не
Периодичен библиозапис Да
944 ## - СЪЗДАВАНЕ И РЕДАКЦИЯ на ЗАПИСА
Създаване/Редакция Създаване
Дата на регистрацията/редакция 1995
Служител, извършил регистрацията/редакцията ValK
999 ## - СИСТЕМНИ КОНТРОЛНИ НОМЕРА
Koha biblioitemnumber 343643
Наличности
Код за отписване Код за изгубен артикул Източник на класификационната схема Код за повреда Коз за рестрикции Код за отдаване Артикулен № Име на библиотеката - собственик Име на библиотеката, в която се намира в момента Статус (Текущо местоположение) Местоположение - отдел Цена в лева Номерация (Хронология) Инвентарен номер Систематично азбучна сигнатура Баркод Номер на екземпляра Цена в евро Служебен тип на артикула
  Не е изгубен Universal Decimal Classification Не е повреден без рестрикции Специални фондове ( старопечатни, редки и ценни, фонд М. Арнаудов) 743901 Регионална библиотека "Любен Каравелов" Русе Регионална библиотека "Любен Каравелов" Русе Фонд "Михаил Арнаудов" Фонд "Михаил Арнаудов" 10.00 Подчертавания в текстаПечатна картичка с надпис "Auf Veranlassung des Autors".; 587554 МА 636 120000587554 1 5.11 Книги
Vip Innovations Ltd, Rousse, Bulgaria 2025